000 00851nam a2200205Ii 4500
003 JO-AjNU
008 230605s9999||||xx |||||||||||||| ||und||
017 _a86/4868
040 _aJO-AjNU
_bara
_erda
_cJO-AjNU
041 _aara
050 1 4 _aKRM4795.T35.1986
100 3 _aالطيب، أحمد عبدالظاهر,
_eauthor
_938204
245 0 0 _aإشكاليات التنفيذ في المواد الجنائية
264 3 1 _aالقاهرة : المكتبة القانونية، 1986
300 _a460ص
_bيشتمل على قائمة بالمراجع والمصادر الببلوغرافية ص (473-341)
336 _atext
_btxt
_2rdacontent
337 _aunmediated
_bn
_2rdamedia
338 _avolume
_bnc
_2rdacarrier
650 4 _aقانون الإجراءات الجنائية -- مصر-- القانون الجنائي -- مصر
_938205
999 _aA16031
_c19599
_d19599